| 000 | 00416nam a2200169Ia 4500 | ||
|---|---|---|---|
| 100 | _aBruegge/Bernd/ Dutoit/Allen | ||
| 650 | _aSoftware Engineering | ||
| 250 | _a2 | ||
| 942 | _cBK | ||
| 366 | _f15 | ||
| 654 | _asoftware engineering | ||
| 245 | _aObject oriented Software Engineering using UML | ||
| 260 |
_bPearson Education _aMumbai _c2004 |
||
| 082 |
_a005.1/BRU _bBRU |
||
| 300 | _a802 | ||
| 546 | _aENGLISH | ||
| 999 |
_c24612 _d24612 |
||